Detalles MARC
| 000 -LEADER |
| fixed length control field |
00921nam a2200277 a 4500 |
| 001 - CONTROL NUMBER |
| control field |
|
| 003 - CONTROL NUMBER IDENTIFIER |
| control field |
DO-SdBPM |
| 005 - DATE AND TIME OF LATEST TRANSACTION |
| control field |
20250515132241.0 |
| 008 - FIXED-LENGTH DATA ELEMENTS--GENERAL INFORMATION |
| fixed length control field |
100812s2006 Br 000 0 spa d |
| 020 ## - INTERNATIONAL STANDARD BOOK NUMBER |
| International Standard Book Number |
9788576330641 |
| 040 ## - CATALOGING SOURCE |
| Original cataloging agency |
DO-SdBPM |
| Language of cataloging |
spa |
| Transcribing agency |
BPMSU |
| 041 17 - LANGUAGE CODE |
| Language code of librettos |
portugués |
| Language code of original |
spa |
| Language code of text/sound track or separate title |
|
| 082 ## - DEWEY DECIMAL CLASSIFICATION NUMBER |
| Classification number |
028.5 |
| Item number |
G249V 2006 |
| Edition number |
22 |
| 100 1# - MAIN ENTRY--PERSONAL NAME |
| Personal name |
Gasparini, María Víctroia |
| Dates associated with a name |
1949- |
| 245 10 - TITLE STATEMENT |
| Title |
Valentina o Acampamento / |
| Statement of responsibility, etc. |
María Víctoria Gaparini ; tradución Adriana Toledo de Almeida |
| 250 ## - EDITION STATEMENT |
| Edition statement |
|
| 260 ## - PUBLICATION, DISTRIBUTION, ETC. (IMPRINT) |
| Place of publication, distribution, etc. |
Argentina : |
| Name of publisher, distributor, etc. |
Vergara & Riba Editora, |
| Date of publication, distribution, etc. |
2006. |
| 300 ## - PHYSICAL DESCRIPTION |
| Extent |
78 p. ; |
| Dimensions |
22 cm. |
| 490 1# - SERIES STATEMENT |
| Series statement |
Colección de la Comisión Permanente de Efemérides Patrias |
| Volume/sequential designation |
12 |
| 590 ## - LOCAL NOTE (RLIN) |
| Local note |
Inventariado,2022/VM |
| 650 #4 - SUBJECT ADDED ENTRY--TOPICAL TERM |
| Topical term or geographic name as entry element |
Libros y lectura para niños |
| 650 #4 - SUBJECT ADDED ENTRY--TOPICAL TERM |
| Topical term or geographic name as entry element |
Promoción de la lectura |
| 700 1# - ADDED ENTRY--PERSONAL NAME |
| Personal name |
Toledo de Almeida, driana |
| Relator term |
traducción |
| 910 ## - USER-OPTION DATA (OCLC) |
| User-option data |
VMateo V. Control de calidad. BPMSU |
| 942 ## - ADDED ENTRY ELEMENTS (KOHA) |
| Source of classification or shelving scheme |
Dewey Decimal Classification |
| Koha item type |
Libros |